Mixing behavior of rubber and particles in an internal mixer (Record no. 63014)

MARC details
000 -LEADER
fixed length control field 00509nam a2200181Ia 4500
100 ## - MAIN ENTRY--AUTHOR NAME
Personal name Toh M
245 #0 - TITLE STATEMENT
Title Mixing behavior of rubber and particles in an internal mixer
260 ## - PUBLICATION, DISTRIBUTION, ETC. (IMPRINT)
Name of publisher Proceedings of the International Rubber Conference, Kobe, Japan, 1995; p666-669
650 ## - SUBJECT ADDED ENTRY--TOPICAL TERM
Topical Term Rubber mixing
650 ## - SUBJECT ADDED ENTRY--TOPICAL TERM
Topical Term Vulcanisation
700 ## - ADDED ENTRY--PERSONAL NAME
Personal name Gondoh T
700 ## - ADDED ENTRY--PERSONAL NAME
Personal name Mishima M
700 ## - ADDED ENTRY--PERSONAL NAME
Personal name Mori T
700 ## - ADDED ENTRY--PERSONAL NAME
Personal name Murakami Y
700 ## - ADDED ENTRY--PERSONAL NAME
Personal name Nishimi H
942 ## - ADDED ENTRY ELEMENTS (KOHA)
Koha item type Journals
Holdings
Withdrawn status Lost status Damaged status Not for loan Home library Current library Shelving location Date acquired Koha item type
      Journals RRII Library RRII Library Rubber chemistry 17/12/2021 Journals